| 000 | 00892nam a2200217 a 4500 | ||
|---|---|---|---|
| 005 | 20231007063600.0 | ||
| 008 | 991125 mx 000 0 spa u | ||
| 020 | _a9682912644 | ||
| 035 | _aUPN01000036679 | ||
| 049 | _aSEP | ||
| 050 | 4 |
_aLB1578 A3.49 _bM3.4 1986 LM |
|
| 100 | 1 | _aMárquez Bonilla, Olegario | |
| 245 | 1 | 0 |
_aManual para la enseñanza de la lecto-escritura en lengua mazateca de la Sierra, Oaxaca : _blibro del maestro : primer grado, mazateco de la Sierra, Oaxaca _bprimer grado, mazateco de la Sierra, Oaxaca / _cOlegario Márquez Bonilla, Rafael N. |
| 260 |
_aMéxico : _bSEP, Dirección General de Educación Indígena |
||
| 300 | _a68 p. | ||
| 500 | _a"Educación indígena bilingüe bicultural" | ||
| 650 | 4 |
_aCartilla mazateca _98089 |
|
| 700 | 1 |
_aNieto Andrade, Rafael, _ecoaut. |
|
| 710 | 1 |
_aMéxico. _bDirección General de Educación Indígena |
|
| 905 | _aLibro | ||
| 999 |
_c36679 _d36679 |
||